CSD Conservatorio Superior de Danza : Institut del Teatre : clases abiertas para futuros estudiantes Institut del Teatre :
Descripción Física:
1 díptic : il. ; 15 x 21 cm
MARC
| LEADER | 00000nam a2200000Ia 4500 | ||
|---|---|---|---|
| 001 | 24049 | ||
| 008 | 160829s2013 xx 000 0 cat d | ||
| 080 | |a FU-64-19 | ||
| 245 | |a CSD Conservatorio Superior de Danza : |b Institut del Teatre : |b clases abiertas para futuros estudiantes | ||
| 260 | |a Barcelona : |b Diputació de Barcelona. Institut del Teatre, |c 2013 | ||
| 300 | |a 1 díptic : |b il. ; |c 15 x 21 cm | ||
| 590 | |a Text en castellà. Hi ha el mateix exemplar en català amb R. 24053 | ||
| 650 | |a Dansa |x Ensenyament -- Barcelona (província) |9 49584 | ||
| 710 | 1 | |a Institut del Teatre (Barcelona, Catalunya) |9 52662 | |
| 901 | |a Arxiu | ||
| 942 | |n 1 | ||
| 952 | |0 0 |1 0 |4 0 |6 FU6419 |7 1 |9 55454 |a Arxiu |b Arxiu |d 2016-12-01 |l 0 |o FU-64-19 |p 24049 |r 2016-12-01 00:00:00 |w 2016-12-01 |y ARXIU | ||
| 999 | |c 59327 |d 59327 | ||